| 000 | 00709nam a2200265Ia 4500 | ||
|---|---|---|---|
| 008 | 160803s9999 xx 000 0 und d | ||
| 020 | _a0 590257218 | ||
| 100 | _aCole, Joanna | ||
| 245 | 4 | _aThe magic school bus inside a beehive / | |
| 245 | _cby Joanna Cole ; illustrated by Bruce Degen. | ||
| 260 | _aNew York : | ||
| 260 | _bScholastic Inc. | ||
| 260 | _c1996 | ||
| 300 | _a47 pages : | ||
| 300 | _bcolor illustrations ; | ||
| 300 | _c20 x 24 cm. | ||
| 440 | _aThe Magic school bus ; | ||
| 440 | _v#5. | ||
| 500 | _aArbitrarily numbered. | ||
| 650 | _aBeehives -- | ||
| 650 | _aHoneybee -- | ||
| 650 | _xJuvenile literature. | ||
| 650 | _xJuvenile literature. | ||
| 700 | _a520 | ||
| 999 |
_c298989 _d298989 |
||